[Event "AUT-ch U10 Online Blitz"]
[Site "Playchess.com INT"]
[Date "2020.12.11"]
[Round "1"]
[White "Hase, Anton Emil"]
[Black "Aschenbrenner, Philip"]
[Result "0-1"]
[WhiteElo "1620"]
[BlackElo "1483"]
[PlyCount "100"]
[EventDate "2020.12.11"]
[EventType "swiss (blitz)"]
[EventRounds "7"]
[EventCountry "AUT"]
[SourceTitle "EXT 2022"]
[Source "ChessBase"]
[SourceDate "2021.10.06"]
[SourceVersion "1"]
[SourceVersionDate "2021.10.06"]
[SourceQuality "1"]

1. e4 c5 2. Nf3 d6 3. Nc3 Nc6 4. Bb5 Nf6 5. Bxc6+ bxc6 6. 0-0 g6 7. e5 dxe5 8. Nxe5 Qc7 9. Nf3 Bg4 10. d3 Bg7 11. Bg5 0-0 12. Bxf6 Bxf6 13. Re1 Qf4 14. Qe2 Bxf3 15. Qxf3 Qxf3 16. gxf3 Bxc3 17. bxc3 e6 18. Kh1 Rfd8 19. Rab1 Rab8 20. Rec1 Kg7 21. Rg1 c4 22. dxc4 Rxb1 23. Rxb1 Rd2 24. Kg1 Rxc2 25. Rb7 Rxa2 26. Rc7 Rc2 27. Rxc6 Rxc3 28. Rc7 a5 29. Ra7 Rxc4 30. Rxa5 Kf6 31. Kg2 e5 32. Kg3 Rf4 33. Ra6+ Kg5 34. Ra7 h5 35. h3 h4+ 36. Kg2 f5 37. Re7 e4 38. fxe4 Rxe4 39. Rxe4 fxe4 40. Kf1 Kf4 41. Ke2 g5 42. Kf1 Kf3 43. Kg1 g4 44. hxg4 Kxg4 45. Kf1 Kf3 46. Kg1 h3 47. Kh2 Kxf2 48. Kxh3 e3 49. Kg4 e2 50. Kf4 e1Q 0-1

[Event "AUT-ch U10 Online Blitz"]
[Site "Playchess.com INT"]
[Date "2020.12.11"]
[Round "5"]
[White "Hase, Anton Emil"]
[Black "Zangger, Felix Cosmo"]
[Result "0-1"]
[WhiteElo "1438"]
[BlackElo "1620"]
[PlyCount "74"]
[EventDate "2020.12.11"]
[EventType "swiss (blitz)"]
[EventRounds "7"]
[EventCountry "AUT"]
[SourceTitle "EXT 2022"]
[Source "ChessBase"]
[SourceDate "2021.10.06"]
[SourceVersion "1"]
[SourceVersionDate "2021.10.06"]
[SourceQuality "1"]

1. e4 e5 2. Nf3 Nc6 3. Nc3 Bc5 4. Bb5 Nf6 5. 0-0 d6 6. Bxc6+ bxc6 7. d3 Bg4 8. Bg5 h6 9. Bh4 Bxf3 10. Qxf3 0-0 11. Bxf6 Qxf6 12. Qxf6 gxf6 13. Rae1 Rab8 14. Na4 Bd4 15. Rb1 Rb4 16. b3 d5 17. exd5 Rbb8 18. dxc6 Rfe8 19. Rfe1 Re6 20. Re4 Rxc6 21. Rg4+ Kh7 22. c4 Ra6 23. Nb2 Rxa2 24. Rh4 Bxb2 25. Rg4 Rxb3 26. c5 Bd4 27. Rf1 Ra1 28. Rxa1 Bxa1 29. h3 e4 30. dxe4 Be5 31. f4 Bd4+ 32. Kh2 Bxc5 33. Rg3 Be3 34. h4 Bxf4 35. Kg1 Bxg3 36. Kf1 Re3 37. Kg1 Re1# 0-1

[Event "AUT-ch U10 Online Blitz"]
[Site "Playchess.com INT"]
[Date "2020.12.11"]
[Round "3"]
[White "Meissl, Patrick"]
[Black "Hase, Anton Emil"]
[Result "0-1"]
[WhiteElo "1653"]
[BlackElo "1380"]
[PlyCount "62"]
[EventDate "2020.12.11"]
[EventType "swiss (blitz)"]
[EventRounds "7"]
[EventCountry "AUT"]
[SourceTitle "EXT 2022"]
[Source "ChessBase"]
[SourceDate "2021.10.06"]
[SourceVersion "1"]
[SourceVersionDate "2021.10.06"]
[SourceQuality "1"]

1. e4 e5 2. Nf3 Nc6 3. Nc3 Nf6 4. Bb5 Bb4 5. Bxc6 dxc6 6. Nxe5 Bxc3 7. bxc3 Nxe4 8. Nf3 Nf6 9. Qe2+ Qe7 10. Qxe7+ Kxe7 11. 0-0 Kf8 12. d4 Kg8 13. Ng5 Bg4 14. Ne4 Nxe4 15. Re1 Nxc3 16. Bb2 Nd5 17. Re4 Be6 18. c4 Nb6 19. Rae1 Re8 20. d5 cxd5 21. cxd5 Nxd5 22. Ba3 Nc3 23. Rf1 Nxe4 24. Re1 Nc3 25. Bb2 Nxa2 26. Re2 h6 27. Ba3 Nc3 28. Re3 Nd5 29. Rb3 Nb6 30. Bc5 Bxb3 31. Bxb6 axb6 0-1